Films taïwanais par images - Statistiques

Statistiques générales
  • Ce quiz a été pris 11 fois
  • Le résultat moyen est 3 sur 16
Statistiques - réponses
Par images Réponse % Correct
Yi yi
90%
Goodbye, Dragon Inn
60%
Millennium Mambo
60%
A Touch of Zen
20%
The Sadness
20%
Nina Wu
10%
Banana Paradise
0%
Blue Gate Crossing
0%
Cape No. 7
0%
Exécution en automne
0%
Happiness Road
0%
Home Sweet Home
0%
Le Bras Armé de Wang Yu contre la guillotine volante
0%
Salé, sucré
0%
The Great Buddha+
0%
Un soleil
0%
Aucun quiz correspondant
Distribution des résultats
% des personnes avec chaque résultat
Percentile par nombre de réponses
Votre historique - résultats
Vous n’avez pas pris ce quiz